| 000 | 00528nam a2200181Ia 4500 | ||
|---|---|---|---|
| 005 | 20250508160454.0 | ||
| 008 | 008 250505s9999 xx 000 0 eng d | ||
| 037 | _aTextual | ||
| 040 |
_aFEDL _beng _cFEDL |
||
| 041 |
_aeng _2eng |
||
| 084 |
_a372.301 6, ASS _qFEDL |
||
| 245 | 0 | _aScience for primary schools : 2nd List of books | |
| 260 |
_aLondon, UK _bJohn Murray _c1966 |
||
| 300 | _a96p | ||
| 490 | _aAssociation for Science Education | ||
| 942 |
_cTEXL _h372.301 6, ASS |
||
| 999 |
_c1364812 _d1364812 |
||